000 00295nam a22001337a 4500
008 170414b xxu||||| |||| 00| 0 eng d
020 _a0397506359
041 _aeng
080 _22ND
_a612.39
100 _a10
101 _aSHM
245 _aCLINICAL NUTRITION
_cHALPERN, S.L
942 _2udc
_cBK
999 _c10756
_d10756